书目信息 |
| 题名: |
植物提取物在家禽生产中的研究与应用
|
|
| 作者: | 吕慧源 , 王秀敏 主编 | |
| 分册: | ||
| 出版信息: | 北京 中国农业出版社 2020.05 |
|
| 页数: | 150页 | |
| 开本: | 26cm | |
| 丛书名: | ||
| 单 册: | ||
| 中图分类: | Q946 , S831.4 | |
| 科图分类: | ||
| 主题词: | 植物--zhi wu--提取--应用--家禽--饲养管理 | |
| 电子资源: | ||
| ISBN: | 978-7-109-26749-7 | |
| 000 | 00906nam0 2200253 450 | |
| 001 | 0109110227 | |
| 005 | 20201109110339.0 | |
| 010 | @a978-7-109-26749-7@dCNY60.00 | |
| 100 | @a20200911d2020 em y0chiy50 ea | |
| 101 | 0 | @achi |
| 102 | @aCN@b110000 | |
| 105 | @ay z 000yy | |
| 106 | @ar | |
| 200 | 1 | @a植物提取物在家禽生产中的研究与应用@Azhi wu ti qu wu zai jia qin sheng chan zhong de yan jiu yu ying yong@f吕慧源, 王秀敏主编 |
| 210 | @a北京@c中国农业出版社@d2020.05 | |
| 215 | @a150页@d26cm | |
| 330 | @a本书主要内容包括天然植物分类及其功能、天然植物提取物的作用机理、天然植物在家禽生产中的研究进展、植物提取物临床应用实例等五章。 | |
| 606 | 0 | @a植物@Azhi wu@x提取@x应用@x家禽@x饲养管理 |
| 690 | @aQ946@v5 | |
| 690 | @aS831.4@v5 | |
| 701 | 0 | @a吕慧源@Alv hui yuan@f(1981- )@4主编 |
| 701 | 0 | @a王秀敏@AWang Xiu Min@4主编 |
| 801 | 0 | @aCN@bBJSZM@c20201103 |
| 905 | @b1241215-8@dQ946@e468@f4 | |
| 植物提取物在家禽生产中的研究与应用/吕慧源, 王秀敏主编.-北京:中国农业出版社,2020.05 |
| 150页;26cm |
| ISBN 978-7-109-26749-7:CNY60.00 |
| 本书主要内容包括天然植物分类及其功能、天然植物提取物的作用机理、天然植物在家禽生产中的研究进展、植物提取物临床应用实例等五章。 |
| ● |
| 相关链接 |
|
|
|
|
正题名:植物提取物在家禽生产中的研究与应用
索取号:Q946/468
 
预约/预借
| 序号 | 登录号 | 条形码 | 馆藏地/架位号 | 状态 | 备注 |
| 1 | 1241215 | 212412156 | 第二样本阅览室/ [索取号:Q946/468] | 在馆 | |
| 2 | 1241216 | 212412165 | 第三借阅区/ [索取号:Q946/468] | 在馆 | |
| 3 | 1241217 | 212412174 | 第三借阅区/ [索取号:Q946/468] | 在馆 | |
| 4 | 1241218 | 212412183 | 第三借阅区/ [索取号:Q946/468] | 在馆 |